000 00332nam a22001337a 4500
005 20180425123600.0
008 160520b xxu||||| |||| 00| 0 eng d
041 _aeng
082 _b3446
_a510.2462
100 _aKreyszig ervin
_94287
245 _aAdvanced Engineering Mathematics
650 _aDIPLOMA ENGINEERING
_9817
942 _cBK
999 _c1178
_d1178